000
00207 a2200097 4500
001
42488
100
_a
Pivka
245
_a
The Armies of Europe to day
260
_a
London
_b
Osprey
_c
090
_c
26401
_d
26401
942
_a
NUST-CAE
_c
M
_c
18227
999
_c
277561
_d
277561